Eneada segunda
Uloženo v:
| Hlavní autor: | |
|---|---|
| Médium: | Kniha |
| Jazyk: | španělština |
| Vydáno: |
Buenos Aires
Aguilar
1972
|
| Vydání: | 2a. ed |
| Edice: | Biblioteca de Iniciación Filosófica, 92
|
| Témata: | |
| Tagy: |
Přidat tag
Žádné tagy, Buďte první, kdo vytvoří štítek k tomuto záznamu!
|
MARC
| LEADER | 00000cam a2200000 a 4500 | ||
|---|---|---|---|
| 001 | UCP9302 | ||
| 003 | CL-VaPUC | ||
| 008 | 000324e19720000AG |||||||||||||||||spa|d | ||
| 082 | 0 | 4 | |a 186.4 |b PLO |2 21 |
| 100 | 0 | |a Plotino |e author |9 266516 | |
| 245 | 1 | 0 | |a Eneada segunda |
| 250 | |a 2a. ed | ||
| 300 | |a 182 p | ||
| 942 | |c BK | ||
| 945 | |d 20000324 00:00:00 |a crobeson | ||
| 260 | |a Buenos Aires |b Aguilar |c 1972 | ||
| 650 | 0 | |a Neoplatonismo |9 265877 | |
| 650 | 0 | |a Filosofía griega |9 265579 | |
| 650 | 0 | |a Filosofía antigua |9 255705 | |
| 583 | |a last modification |c 20150416 15:38:10 |k Rodrigo Vera | ||
| 490 | 0 | |a Biblioteca de Iniciación Filosófica, 92 | |
| 999 | |c 286128 |d 286126 | ||
| 952 | |0 0 |1 0 |4 0 |6 186_400000000000000_PLO_1972 |7 0 |8 A |9 331573 |a BIBHIS |b BIBHIS |d 2019-11-20 |i 1397168 |o 186.4 PLO 1972 |p 1397168 |r 2025-01-20 |w 2019-11-20 |y BK |k HIS | ||